00655 2200217 4500001002100000005001500021035002000036007000300056008004100059082001000100084001700110100002500127245010400152250001300256260005300269300003800322020002200360504002500382990001500407990001500422INLIS00000000000373120260528092351 a0010-0721000086ta260528 0  a610.7 a610.7 SUD m0 aSudigdo Sastroasmoro1 aMengurai dan Merajut Disertasi dan Tesis :bBidang Kedokteran dan Kesehatan /cSudigdo Sastroasmoro a--Cet. 2 a--Jakarta :bIkatan Dokter Anak Indonesia,c2010 aix, 293 hlm. :billus. ;c21,5 cm a978-979-8421-45-7 aBibliografi, hlm 281 a911/B/2013 a910/B/2013